00493nam a22001577a 450000500170000000800410001702000180005804100130007608200150008910000430010424500690014725000190021626000430023530000310027865000260030920231031082852.0231031b |||||||| |||| 00| 0 eng d a9780409125702 aEnglish  a347.6 ZEF  aZeffertt, DT and Paizes, AP lEnglish  aThe South African Law of Evidence / cDT Zeffertt and AP Paizes  aThird Edition  aDurban : bLexisNexis (Pty) Ltd,c2013 bxxv, 1213 pages ; c25 cm. alegal practice bLaw